| 000 | 00437nam a22001697a 4500 | ||
|---|---|---|---|
| 003 | OSt | ||
| 005 | 20240101064312.0 | ||
| 008 | 200307b xxu||||| |||| 00| 0 eng d | ||
| 020 | _a9789386456267 | ||
| 040 | _cIIMT UNIVERSITY | ||
| 100 | _aDR.S. C. TRIPATHI | ||
| 245 | _aTHE CONSUMER PROTECTION ACT (Act No. 68 of 1986) | ||
| 250 | _a6th | ||
| 260 |
_aALLAHABAD _bCENTRAL LAW PUBLICATIONS _c2017 |
||
| 300 | _a376 | ||
| 942 |
_2ddc _c02 |
||
| 999 |
_c49861 _d49861 |
||